| 000 | 01133nam a22002415a 4500 | ||
|---|---|---|---|
| 003 | OSt | ||
| 005 | 20170227123421.0 | ||
| 008 | 170226s2005 ua frb 000 0 ara d | ||
| 015 | _a2004 / 10565 | ||
| 040 |
_aEG-ScBUE _bara _cEG-ScBUE |
||
| 082 | 0 | 4 |
_a344.041 _bع ب د _222 |
| 100 | 1 | _aعبد المجيد، رضا عبد الحليم. | |
| 245 | 1 | 2 |
_aالنظام القانوني لكوارث الأصناف الحيوانية والنباتية بالتطبيق على جنون الأبقار - أنفلونزا الطيور - تلف المزروعات : _bدراسة مقارنة بالقانون الفرنسي / _cرضا عبد الحليم عبد المجيد. |
| 250 | _aط. 1. | ||
| 260 |
_aالقاهرة : _bدار النهضة العربية، _c2005. |
||
| 300 |
_a316 ص. ؛ _c24 سم. |
||
| 504 | _aيشتمل على إرجاعات ببليوجرافية. | ||
| 650 | 7 |
_aالطب البيطري _2BUEsh _941044 _xقوانين وتشريعات _zمصر. |
|
| 650 | 7 |
_aالطب البيطري _2BUEsh _xقوانين وتشريعات _zفرنسا. |
|
| 651 | _2BUEsh | ||
| 653 |
_bLLAAWW _cFebruary2017 |
||
| 942 | _2ddc | ||
| 999 |
_c24274 _d24246 |
||